| 000 | 00592naa a2200217 i 4500 | ||
|---|---|---|---|
| 001 | 9262 | ||
| 003 | ES-MaBCM | ||
| 005 | 20241016091335.0 | ||
| 008 | 900402s1990 fra 000 0 fre d | ||
| 021 | _axx | ||
| 035 | _a(OCoLC)1365192547 | ||
| 040 | _cES-MaBCM | ||
| 041 | 0 | _afre | |
| 043 | _afra | ||
| 100 | 1 |
_aGuilbert, Paul _920722 |
|
| 245 | 1 | 3 |
_aLa politique eclatée _cPaul Guilbert |
| 651 | 4 |
_aFrancia _9115364 |
|
| 650 | 2 | 7 |
_aSituación política _960283 |
| 773 | 0 |
_aEn: _tRevue politique et parlementaire _dParis : 1990 _w104657 _gnº 945, enero-febrero ; p. 15-17 |
|
| 942 | _cAREV | ||
| 999 |
_c9262 _d9262 |
||